Doctor William Crawford Gorgas of Alabama and the Panama Canal (Record no. 38325)

MARC details
000 -LEADER
fixed length control field 00925cam a22002531 4500
001 - CONTROL NUMBER
control field med47001461
003 - CONTROL NUMBER IDENTIFIER
control field DLC
005 - DATE AND TIME OF LATEST TRANSACTION
control field 20260227111602.0
008 - FIXED-LENGTH DATA ELEMENTS--GENERAL INFORMATION
fixed length control field 750606s1947 xx 000 0 eng
010 ## - LIBRARY OF CONGRESS CONTROL NUMBER
LC control number med47001461
035 ## - SYSTEM CONTROL NUMBER
System control number (OCoLC)1377644
040 ## - CATALOGING SOURCE
Original cataloging agency DLC
Transcribing agency MoSW-M
Modifying agency DLC
042 ## - AUTHENTICATION CODE
Authentication code premarc
050 00 - LIBRARY OF CONGRESS CALL NUMBER
Classification number RA424.5.G6
Item number M35
082 ## - DEWEY DECIMAL CLASSIFICATION NUMBER
Classification number 926.1
100 1# - MAIN ENTRY--PERSONAL NAME
Personal name Martin, Thomas Wesley.
245 10 - TITLE STATEMENT
Title Doctor William Crawford Gorgas of Alabama and the Panama Canal
Statement of responsibility, etc. [by] Thomas W. Martin.
260 ## - PUBLICATION, DISTRIBUTION, ETC.
Place of publication, distribution, etc. New York,
Name of publisher, distributor, etc. The Newcomen Society of England, American Branch,
Date of publication, distribution, etc. 1947.
300 ## - PHYSICAL DESCRIPTION
Extent 41 [7] p.
Other physical details illus., plates, ports.
Dimensions 23 cm.
500 ## - GENERAL NOTE
General note "First printing: January 1947."
500 ## - GENERAL NOTE
General note "Address ... delivered ... at the 1947 Alabama dinner of the Newcomen Society of England, held at ... Birmingham ... January 31, 1947."
600 10 - SUBJECT ADDED ENTRY--PERSONAL NAME
Personal name Gorgas, William Crawford,
Dates associated with a name 1854-1920.
651 #0 - SUBJECT ADDED ENTRY--GEOGRAPHIC NAME
Geographic name Panama Canal (Panama)

No items available.

Powered by Koha